Tentmaking : (Record no. 7397)

MARC details
000 -LEADER
fixed length control field 01351pam a2200301 a 4500
001 - CONTROL NUMBER
control field 61694664
003 - CONTROL NUMBER IDENTIFIER
control field OCoLC
005 - DATE AND TIME OF LATEST TRANSACTION
control field 20190208153435.0
008 - FIXED-LENGTH DATA ELEMENTS--GENERAL INFORMATION
fixed length control field 050907s2005 gau b 001 0 eng
010 ## - LIBRARY OF CONGRESS CONTROL NUMBER
LC control number 2005026099
020 ## - INTERNATIONAL STANDARD BOOK NUMBER
International Standard Book Number 1932805532 (pbk.)
020 ## - INTERNATIONAL STANDARD BOOK NUMBER
International Standard Book Number 9781932805536 (pbk.)
035 ## - SYSTEM CONTROL NUMBER
System control number (OCoLC)61694664
040 ## - CATALOGING SOURCE
Original cataloging agency DLC
Transcribing agency DLC
Modifying agency BAKER
-- BTCTA
-- MZN
042 ## - AUTHENTICATION CODE
Authentication code pcc
050 00 - LIBRARY OF CONGRESS CALL NUMBER
Classification number BV2063
Item number .L35 2005
082 ## - DEWEY DECIMAL CLASSIFICATION NUMBER
Classification number 266
Item number L185T
100 1# - MAIN ENTRY--PERSONAL NAME
Personal name Lai, Patrick
245 10 - TITLE STATEMENT
Title Tentmaking :
Remainder of title business as missions /
Statement of responsibility, etc. Patrick Lai
260 ## - PUBLICATION, DISTRIBUTION, ETC.
Place of publication, distribution, etc. Waynesboro, GA :
Name of publisher, distributor, etc. Authentic,
Date of publication, distribution, etc. 2005
300 ## - PHYSICAL DESCRIPTION
Extent xiii, 417 p. ;
Dimensions 23 cm
504 ## - BIBLIOGRAPHY, ETC. NOTE
Bibliography, etc. note Includes bibliographical references (p. 413-417) and index
505 0# - FORMATTED CONTENTS NOTE
Formatted contents note Breaking boxes -- Who am I, anyway? -- Pros & cons of setting up a tent -- Preparing your tent -- Minding our motives -- Testing your tent pre-field preparation -- The tentmaker's transformation -- Evangelism and church planting -- Foundations -- Fellowship on and off the field -- The tentmaker's jobs -- The tentmaker's personal life -- Women and tentmaking -- The tentmaker and his children -- The tentmaker and his home base -- Tentmaking tensions -- Tentmaking conflicts -- We got next!
650 #0 - SUBJECT ADDED ENTRY--TOPICAL TERM
Topical term or geographic name entry element Part-time missionaries
650 #0 - SUBJECT ADDED ENTRY--TOPICAL TERM
Topical term or geographic name entry element Missions
General subdivision Finance
650 #0 - SUBJECT ADDED ENTRY--TOPICAL TERM
Topical term or geographic name entry element Business
General subdivision Religious aspects
-- Christianity
942 ## - ADDED ENTRY ELEMENTS (KOHA)
Source of classification or shelving scheme Dewey Decimal Classification
Koha item type Books
Holdings
Withdrawn status Lost status Source of classification or shelving scheme Damaged status Not for loan Collection code Home library Current library Shelving location Date acquired Cost, normal purchase price Total Checkouts Full call number Barcode Date last seen Date last checked out Price effective from Koha item type
    Dewey Decimal Classification     Non-fiction Harvest Mission College Harvest Mission College General Stacks 08.02.2019 1850.00 1 266 L185T 008412 27.03.2024 17.01.2024 08.02.2019 Books

OPAC Designed and Maintained by HMC Library Team.
Copyright © HMC Library,Greater Noida, UP.
For any Suggestions/Query Contact library via Email:libhmc@gmail.com